00701nam a2200193Ia 4500008004100000020001800041041000800059082001700067100002000084245007100104260005200175300000900227500002900236650002400265700003500289906000700324999001700331952015900348230125s9999 xx 000 0 und d a81-7366-396-6 aeng a005.754bKOB aKobes R9112281 aProfessional PERL development : web server & client programming... c2001bShroff publisher and distributorsaMumbai a725p aWeb development;PERL;web aComputer Management aKobes R & Wainwright P9112282 b68 c89222d89222 02104070aHIMRbHIMRd2002-09-24eMehta book supplierg450.00i98o005.754 KOB B03341pHIMR-BK-3341r2023-01-25 00:00:00v382.00w2002-08-03yBKzB03341